000 00519nam a2200181Ia 4500
001 4607
005 20260306145808.0
008 260306t2006||||xx |||||||||||||| ||spa||
041 _aESP
082 _a327.46045
_bH441
100 _aSartori, Antonio
_eAUT
245 0 _aHiberia-Italia Italia-Hiberia:
_bconvegno internazionale di epigrafia e storia antica Gargnano - Brescia (28-30 aprile 2005)
260 _c2006
300 _a475 páginas :
_c24 cm.
650 _aGEN
654 _aCHU
942 _cLIB
_dJUS
_fJUS
_2ddc
_n
999 _c4607
_d4607